书目信息 |
| 题名: |
环境安全与健康
|
|
| 作者: | 刘征涛 编著 | |
| 分册: | ||
| 出版信息: | 北京 化学工业出版社 2005.03 |
|
| 页数: | 228页 | |
| 开本: | 26cm | |
| 丛书名: | ||
| 单 册: | ||
| 中图分类: | X503.1 | |
| 科图分类: | ||
| 主题词: | 环境影响--huan jing ying xiang--健康--研究 | |
| 电子资源: | ||
| ISBN: | 7-5025-6467-5 | |
| 000 | 00773nam0 2200229 450 | |
| 001 | 012006835609 | |
| 005 | 20060701082828.82 | |
| 010 | @a7-5025-6467-5@dCNY36.00 | |
| 100 | @a20060610d2005 km y0chiy0120 ea | |
| 101 | 0 | @achi |
| 102 | @aCN@b110000 | |
| 105 | @aa a 000yy | |
| 200 | 1 | @a环境安全与健康@Ahuan jing an quan yu jian kang@f刘征涛编著@Fliu zheng tao bian zhu |
| 210 | @a北京@c化学工业出版社@d2005.03 | |
| 215 | @a228页@c图@d26cm | |
| 320 | @a有书目。 | |
| 330 | @a本书从生态环境与相关人体健康的角度,较全面地介绍了环境保护发展的新趋势——环境安全性的基本概念与其应用。 | |
| 606 | 0 | @a环境影响@Ahuan jing ying xiang@x健康@x研究 |
| 690 | @aX503.1@v4 | |
| 701 | 0 | @a刘征涛@Aliu zheng tao@4编著 |
| 801 | 0 | @aCN@bQSSK@c20060701 |
| 905 | @a10447@dX503.1@eL726 | |
| 环境安全与健康/刘征涛编著.-北京:化学工业出版社,2005.03 |
| 228页:图;26cm |
| ISBN 7-5025-6467-5:CNY36.00 |
| 本书从生态环境与相关人体健康的角度,较全面地介绍了环境保护发展的新趋势——环境安全性的基本概念与其应用。 |
| ● |
| 相关链接 |
|
|
|
正题名:环境安全与健康
索取号:X503.1/L726
 
预约/预借
| 序号 | 登录号 | 条形码 | 馆藏地/架位号 | 状态 | 备注 |
| 1 | 582071 | 205820717 | 自科库501/501自科库 68排1列4层/ [索取号:X503.1/L726] | 在馆 | |
| 2 | 582072 | 205820726 | 自科库501/501自科库 68排1列4层/ [索取号:X503.1/L726] | 在馆 | |
| 3 | 582073 | 205820735 | 自科库501/501自科库 68排1列4层/ [索取号:X503.1/L726] | 在馆 |